<?xml version="1.0" encoding="UTF-8"?>
<record
    xmlns:xsi="http://www.w3.org/2001/XMLSchema-instance"
    xsi:schemaLocation="http://www.loc.gov/MARC21/slim http://www.loc.gov/standards/marcxml/schema/MARC21slim.xsd"
    xmlns="http://www.loc.gov/MARC21/slim">

  <leader>01780nam a22002177a 4500</leader>
  <controlfield tag="008">161130s2016        ck||||| |||| 00| 0 eng d</controlfield>
  <datafield tag="020" ind1=" " ind2=" ">
    <subfield code="a">9789585774469</subfield>
  </datafield>
  <datafield tag="082" ind1="0" ind2="4">
    <subfield code="a">701.03</subfield>
    <subfield code="b">F981p</subfield>
  </datafield>
  <datafield tag="100" ind1="1" ind2=" ">
    <subfield code="a">Fundaci&#xF3;n Casa Tres Patios.</subfield>
    <subfield code="9">5644</subfield>
  </datafield>
  <datafield tag="245" ind1="1" ind2="0">
    <subfield code="a">Praxis and context :</subfield>
    <subfield code="b">art, pedagogy and community /</subfield>
    <subfield code="c">Fundaci&#xF3;n Casa Tres Patios.</subfield>
  </datafield>
  <datafield tag="250" ind1=" " ind2=" ">
    <subfield code="a">1a ed.</subfield>
  </datafield>
  <datafield tag="260" ind1=" " ind2=" ">
    <subfield code="a">Colombia :</subfield>
    <subfield code="b">Fundaci&#xF3;n Casa Tres Patios,</subfield>
    <subfield code="c">2016.</subfield>
  </datafield>
  <datafield tag="300" ind1=" " ind2=" ">
    <subfield code="a">144 p.</subfield>
    <subfield code="b">il.</subfield>
  </datafield>
  <datafield tag="505" ind1="0" ind2="0">
    <subfield code="t">Working without a recipe: the culinary arts and artistic self-management</subfield>
    <subfield code="r">Paola Pe&#xF1;a Ospina.</subfield>
    <subfield code="t">Betweem the personal and the collective: human relations in self-managed artistic practices</subfield>
    <subfield code="r">Sara Lazar&#xED;n.</subfield>
    <subfield code="t">Territorry and context: the basis elements of artistic self-management</subfield>
    <subfield code="r">Sara Lazar&#xED;n.</subfield>
    <subfield code="t">Alternative spaces and artistic pratice: the exercise of creating a new map for the arts in Medell&#xED;n</subfield>
    <subfield code="r">Carlos Uribe.</subfield>
    <subfield code="t">Uncertainty: in a complex world, uncertainty is the constant</subfield>
    <subfield code="r">Sara Lazar&#xED;n.</subfield>
    <subfield code="t">Art questioned: contemporary artistic practices</subfield>
    <subfield code="r">Sara Lazar&#xED;n</subfield>
    <subfield code="t">Taking pedagogy out of schools</subfield>
    <subfield code="r">Silvana Mej&#xED;a.</subfield>
    <subfield code="t">Art and pedagogy: a praxis in context</subfield>
    <subfield code="r">Sara Lazar&#xED;n.</subfield>
    <subfield code="t">Literature, informal education and vulnerable groups: some ideas based on an experience in a women's prision in Mexico D.F</subfield>
    <subfield code="r">Helena Lopez.</subfield>
    <subfield code="t">1...2...3 Patios: notes education at Casa Tres Patios</subfield>
    <subfield code="r">Sara Lazar&#xED;n.</subfield>
    <subfield code="t">So we don't lose the plot</subfield>
    <subfield code="r">Javier Naranjo.</subfield>
    <subfield code="t">Casa Tres Patios pedagogical program</subfield>
    <subfield code="r">Sara Lazar&#xED;n</subfield>
    <subfield code="t">Cauldrons, pots and pans: the commun-ity is cooked between the pots and pans</subfield>
    <subfield code="r">Daniel Alberto G&#xF3;mez y Paula Andrea Villa.</subfield>
    <subfield code="t">History of Casa Tres Patios.</subfield>
  </datafield>
  <datafield tag="653" ind1="1" ind2="0">
    <subfield code="a">Arte - Pedagog&#xED;a</subfield>
  </datafield>
  <datafield tag="653" ind1="1" ind2="0">
    <subfield code="a">Arte - Comunidad y Sociedad</subfield>
  </datafield>
  <datafield tag="653" ind1="1" ind2="0">
    <subfield code="a">Arte culinario</subfield>
  </datafield>
  <datafield tag="653" ind1="1" ind2="0">
    <subfield code="a">Pr&#xE1;cticas art&#xED;sticas</subfield>
  </datafield>
  <datafield tag="653" ind1="1" ind2="0">
    <subfield code="a">Arte - Colombia</subfield>
  </datafield>
  <datafield tag="653" ind1="1" ind2="0">
    <subfield code="a">Arte contempor&#xE1;neo</subfield>
  </datafield>
  <datafield tag="999" ind1=" " ind2=" ">
    <subfield code="c">1101</subfield>
    <subfield code="d">1101</subfield>
  </datafield>
  <datafield tag="952" ind1=" " ind2=" ">
    <subfield code="0">0</subfield>
    <subfield code="1">0</subfield>
    <subfield code="2">ddc</subfield>
    <subfield code="4">0</subfield>
    <subfield code="7">0</subfield>
    <subfield code="a">LV</subfield>
    <subfield code="b">LV</subfield>
    <subfield code="c">Monograf&#xED;as</subfield>
    <subfield code="d">2016-11-30</subfield>
    <subfield code="l">0</subfield>
    <subfield code="o">701.03 F981p</subfield>
    <subfield code="p">004223</subfield>
    <subfield code="r">2016-11-30 00:00:00</subfield>
    <subfield code="w">2016-11-30</subfield>
    <subfield code="y">01</subfield>
  </datafield>
</record>
